Szczegóły MARC21

Zarządzanie międzynarodowe : konkurencja w klasie światowej /

003 -Nazwa inst., której nr kontr. jest w polu 001 [,]
    • @
    • Nazwa instytucji, której n kontrolny jest w polu 001
    • NUKAT
005 -DATA I CZAS OSTATNIEJ MODYFIKACJI [,]
    • @
    • pole kontrolne
    • 20241231104216.0
020 -Międzynarod. znormalizowany nr książki - ISBN [ , ]
    • a
    • Numer ISBN
    • 8320812135 Find
020 -Międzynarod. znormalizowany nr książki - ISBN [ , ]
    • a
    • Numer ISBN
    • 8320812224 Find
040 -Instytucja sporządzająca opis [ , ]
    • a
    • Instytucja, która sporządziła opis (NP)
    • BYDG 22/ET
    • c
    • Instytucja, która sporządziła rekord (NP)
    • BYDG 22/ETs
942 -Rodzaj dokumentu [ , ]
    • c
    • Rodzaj dokumentu
    • Książka
100 -Hasło główne - nazwa osobowa [1, ]
    • a
    • Nazwa osobowa (NP)
    • Koźmiński, Andrzej Krzysztof
    • d
    • Daty biograficzne (NP)
    • (1941- ).
    • 9
    • KHW
    • 31390
245 -Strefa tytułu i oznaczenia odpowiedzialności [1,0]
    • a
    • Tytuł
    • Zarządzanie międzynarodowe : Find
    • b
    • Ciąg dalszy tytułu (NP)
    • konkurencja w klasie światowej / Find
    • c
    • Pozostałe elementy strefy tytułu i oznaczenia odpowiedzialności (NP)
    • Andrzej K. Koźmiński.
260 -Strefa adresu wydawniczego [ , ]
    • a
    • Miejsce wydania (P)
    • Warszawa :
    • b
    • Nazwa wydawcy (P)
    • Polskie Wydawnictwo Ekonomiczne,
    • c
    • Data wydania (P)
    • 1999.
300 -Strefa opisu fizycznego [ , ]
    • a
    • Określenie formy książki i/lub objętość (NP)
    • 254, [2] s. ;
    • c
    • Format (NP)
    • 21 cm.
336 -Typ zawartości [ , ]
    • a
    • Termin opisujący typ zawartości
    • Tekst
    • b
    • Kod określający zawartość
    • txt
    • 2
    • Źródło (terminu i kodu)
    • rdacontent
337 -Typ mediów [ , ]
    • a
    • Tryb odtwarzania
    • Bez urządzenia pośredniczącego
    • b
    • Kod typu mediów
    • n
    • 2
    • Źródło (terminu i kodu)
    • rdamedia
338 -Typ/rodzaj nośnika [ , ]
    • a
    • Hasło opisujące typ nośnika
    • Wolumin
    • b
    • Kod typu nośnika
    • nc
    • 2
    • Źródło (terminu i kodu)
    • rdacarrier
504 -Uwaga dot. bibliogr. załącznikowej [ , ]
    • a
    • Uwaga dot. bibliografii załącznikowej
    • Bibliogr. przy rozdz.
080 -Uniwersalna Klasyfikacja Dziesiętna [ , ]
    • a
    • Symbol klasyfikacji
    • 65.01(07)
080 -Uniwersalna Klasyfikacja Dziesiętna [ , ]
    • a
    • Symbol klasyfikacji
    • :338.242(07)
080 -Uniwersalna Klasyfikacja Dziesiętna [ , ]
    • a
    • Symbol klasyfikacji
    • :339.5(07)
080 -Uniwersalna Klasyfikacja Dziesiętna [ , ]
    • a
    • Symbol klasyfikacji
    • :339.9(07)
650 -Hasło przedmiotowe [ ,7]
    • a
    • Hasło przedmiotowe
    • Przedsiębiorstwa międzynarodowe
    • x
    • Określnik rzeczowy
    • zarządzanie
    • v
    • Określnik formalny
    • podręczniki akademickie.
    • 2
    • Źródło terminu
    • kaba
    • 9
    • KHW
    • 390942
650 -Hasło przedmiotowe [ ,7]
    • a
    • Hasło przedmiotowe
    • Zarządzanie przedsiębiorstwem
    • v
    • Określnik formalny
    • podręczniki akademickie.
    • 2
    • Źródło terminu
    • kaba
    • 9
    • KHW
    • 352308
980 -Symbol UKD [ , ]
    • a
    • UKD
    • 65.01:338.242:339.5:339.9](07)
710 -Hasło dodatkowe - nazwa ciała zbiorowego [2, ]
    • a
    • Nazwa ciała zbiorowego lub nazwa geograficzna jako pierwszy element (NP)
    • Polskie Wydawnictwo Ekonomiczne.
    • 4
    • Kod relacji
    • pbl
    • 9
    • KHW
    • 50784
920 -ISBN [ , ]
    • a
    • ISBN
    • 83-208-1213-5 Find
920 -ISBN [ , ]
    • a
    • ISBN
    • 83-208-1222-4 Find
Data inwentaryzacji Lokalizacja Status udost. Sygnatura Numer inwentarzowy
1999-10-06BE-2 E.66313
1999-10-06BE2 S.84340
1999-10-06BE2 S.84341
1999-10-06BE2 S.84342
1999-10-06BE2 S.84343
1999-10-06BE2 S.84344
1999-10-06BE2 S.84345
1999-10-06BE2 S.84346
1999-10-06BE-6 S.84347
1999-10-06BE2 S.84348
1999-10-06BE-6 S.84349
2000-01-18BE-6 S.85157
2000-01-18BE-3 S.85158
1999-10-06BG1Z.94713Z.94713
2016-03-22GW-3339GW.7363
2016-03-24GW-3339GW.7423
1999-10-06T-2T.1045T.1045
1999-10-06T-3T.1046T.1046
1999-10-06T-3T.1047T.1047
1999-10-06T-3T.1048T.1048
1999-10-06T-3T.1049T.1049
1999-10-06T-3T.1050T.1050
1999-10-06T-3T.1051T.1051
1999-10-06T-3T.1052T.1052
1999-10-06T-3T.1053T.1053
1999-10-06T-3T.1054T.1054
2000-01-28T-2T.1691T.1691
2013-12-17T-3TM.9893TM.9893